Statistics for Largest Cities in Florida

Click here to take the quiz!

General Stats

  • This quiz has been taken 66 times
  • The average score is 7 of 12

Answer Stats

Population City % Correct
441,003Miami
100%
868,031Jacksonville
98%
270,934Orlando
98%
369,075Tampa
97%
189,907Tallahassee
85%
178,590Fort Lauderdale
74%
257,083St. Petersburg
66%
237,069Hialeah
28%
149,728Hollywood
26%
179,413Port St. Lucie
23%
175,229Cape Coral
21%
166,611Pembroke Pines
21%

Score Distribution

Percentile by Number Answered

Percent of People with Each Score

Your Score History

You have not taken this quiz